| 000 | 00636cab a2200169 4500 | ||
|---|---|---|---|
| 001 | L130474 | ||
| 008 | 050803n2005 000 0 eng u | ||
| 035 | _a(Sirsi) u130474 | ||
| 041 | _aeng | ||
| 245 | _aBenchmark: FMB state of trade survey Q2 | ||
| 260 | _c2005 | ||
| 490 |
_aContract Journal _v429(6535) 27 July 2005, 11(1) |
||
| 520 | _aFurther statistics on the construction slowdown with the "State of trade survey" second quarter from the Federation of Master Builders. Includes labour shortage, workload forecast and workload actual. | ||
| 590 | _aIKA160805 | ||
| 690 | _aBUILT ENVIRONMENT-CONSTRUCTION MARKET | ||
| 942 | _n0 | ||
| 999 |
_c75640 _d75640 |
||